000 00651cab a22002055a 4500
001 L156335
008 120514e20120428xxk 000 0 eng d
035 _a(Sirsi) u156335
041 0 _aeng
100 1 _aSwaine, Richard
245 0 0 _aSigned, sealed, delivered
260 _c2012
490 _aEstates Gazette
_v(1217) 28 April 2012, 106-107(2)
520 _aHow to avoid common mistakes when documenting and completing a transaction. Includes whether an agreement is required in writing and if a deed is needed.
590 _aKA
651 4 _aUnited Kingdom
690 _aContracts
_96232
700 1 _aSargent-Busquets, Gemma
942 _n0
999 _c83989
_d83989